What's the board game? - Statistics

General Stats
  • This quiz has been taken 43 times
  • The average score is 11 of 15
Answer Stats
Hint Answer % Correct
Multiplayer economics-themed board game. In the game, players roll two dice to move around the game board, buying and trading properties and developing them with houses and hotels. Monopoly
100%
Players take turns moving one piece at a time, with the player with white moving first. The king is the only piece that can't be captured, so players must protect it while trying to checkmate the opponent's king Chess
98%
Players move from room to room in a mansion to solve the mystery of: who done it, with what, and where? Players are dealt character, weapon, and location cards after the top card from each card type are secretly placed in the confidential file in the middle of the board. Clue
98%
Two to four players compete in forming words with lettered tiles on a 225-square board Scrabble
95%
Each player's fleet of warships are marked. The locations of the fleets are concealed from the other player. Players alternate turns calling "shots" at the other player's ships, and the objective of the game is to destroy the opposing player's fleet. Battleship
88%
simulates a person's travels through their life, from early adulthood to retirement, with college if necessary, jobs, marriage, and possible children along the way The game of life
88%
A dexterity game in which you must extract silly body parts from a hapless patient. Operation
78%
Challenges you to put your hands and feet at different places on the mat without falling over! Twister
78%
A two-player board game in which players each guess the identity of the other's chosen character Guess who
71%
Drop the discs into the grid, starting in the middle or at the edge to stack their colored discs upwards, horizontally, or diagonally. Connect four
68%
A group of strategy board games for two players which involve forward movements of uniform game pieces and mandatory captures by jumping over opponent pieces. Checkers
66%
A strategy board game of diplomacy, conflict and conquest for two to six players Risk
63%
Fun pictures help kids understand the rewards of doing good deeds as they climb up the ladders and the consequences of naughty ones as they slide down the chutes Chutes and Ladders
61%
A beginner-level board game where the players draw cards and move gingerbread men to try and be the first player to arrive at King Kandy's Castle. Candyland
51%
An abstract strategy board game for two to four players, where players try to score points by occupying most of the board with pieces of their colour. The board is a square regular grid and the pieces are polyominoes. Blokus
12%
No matching quizzes found
Score Distribution
Percent of People with Each Score
Percentile by Number Answered
Your Score History
You have not taken this quiz